000 00548nam a22001937a 4500
003 CEME
005 20210628203317.0
008 210302b xxu||||| |||| 00| 0 eng d
020 _a0-387-94173-8
040 _c.
082 _a621.3822 POO
100 _aPoor, H.Vincent
_958218
245 _aAn introduction to signal detection and estimation
250 _a2ND
260 _aNEW YORK
_bSPRINGER-VERLAG
_c1994
300 _aVII,398P
650 _aSIGNAL DETECTION. SIGNAL THEORY(TELECOMMUNICATION).ESTIMATION THEORY
_964625
942 _cBK
_2ddc
999 _c573060
_d573060